| 000 | 01608cam a2200349 a 4500 | ||
|---|---|---|---|
| 001 | 1199936 | ||
| 005 | 20060719184945.0 | ||
| 008 | 980901s1999 nyua b 001 0 eng | ||
| 010 | _a 98040655 | ||
| 020 | _a0195112695 (alk. paper) | ||
| 035 | _a(DLC) 98040655 | ||
| 040 |
_aDLC _cDLC _dDLC |
||
| 050 | 0 | 0 |
_aHG4028.C4 _bP75 2000 |
| 082 | 0 | 0 |
_a658.15/2 _221 |
| 245 | 0 | 0 |
_aProject flexibility, agency, and competition : _bnew developments in the theory and application of real options / _cedited by Michael J. Brennan, Lenos Trigeorgis. |
| 260 |
_aNew York : _bOxford University Press, _cc2000. |
||
| 300 |
_aviii, 357 p. ; _bill. ; _c25 cm. |
||
| 504 | _aIncludes bibliographical references and index. | ||
| 650 | 0 |
_aCapital investments _xDecision making. |
|
| 650 | 0 |
_aResource allocation _xDecision making. |
|
| 650 | 0 | _aCapital budget. | |
| 650 | 0 |
_aCorporations _xFinance. |
|
| 650 | 0 | _aOptions (Finance) | |
| 700 | 1 |
_aBrennan, Michael J. _ced. |
|
| 700 | 1 |
_aTrigeorgis, Lenos. _ced. |
|
| 856 | 4 | 2 |
_3Publisher description _uhttp://www.loc.gov/catdir/enhancements/fy0604/98040655-d.html |
| 856 | 4 | 1 |
_3Table of contents only _uhttp://www.loc.gov/catdir/enhancements/fy0604/98040655-t.html |
| 906 |
_a7 _bcbc _corignew _d1 _eocip _f19 _gy-gencatlg |
||
| 942 |
_2lcc _cBK |
||
| 999 |
_c40357 _d40357 |
||